logo

Bir Sreshtho Munshi Abdur Rouf Library
Jhenaidah Cadet College

বুদ্ধি বাড়ায় ডিজিটাল ধাঁধা / (Record no. 13176)

MARC details
000 -LEADER
fixed length control field 00744nam a2200229 a 4500
001 - CONTROL NUMBER
JCCL Control Number 13176
003 - CONTROL NUMBER IDENTIFIER
JCCL marc code BD-JhCC
005 - DATE AND TIME OF LATEST TRANSACTION
control field 20230717092628.0
008 - FIXED-LENGTH DATA ELEMENTS--GENERAL INFORMATION
fixed length control field 230717s2020 bg a|||| |||| 000 0 ben d
020 ## - INTERNATIONAL STANDARD BOOK NUMBER
International Standard Book Number 9789849411291
035 ## - SYSTEM CONTROL NUMBER
system control number (BD-JhCC)13176
040 ## - CATALOGING SOURCE
Original cataloging agency BD-JhCC
Modifying agency BD-JhCC
041 ## - LANGUAGE CODE
Language code of Book eng
082 ## - DEWEY DECIMAL CLASSIFICATION NUMBER
Classification number 152.148
Author mark and Year ANW 2020
100 ## - MAIN ENTRY--PERSONAL NAME
Personal name আনোয়ার, শেখ
245 ## - TITLE STATEMENT
Title বুদ্ধি বাড়ায় ডিজিটাল ধাঁধা /
Statement of responsibility, etc আনোয়ার শেখ
260 ## - PUBLICATION, DISTRIBUTION, ETC. (IMPRINT)
Place of publication, distribution, etc ঢাকা :
Name of publisher, distributor, etc শোভা প্রকাশ,
Date of publication, distribution, etc ২০২০
300 ## - PHYSICAL DESCRIPTION
Pagination ৯৬ পৃ. :
Other physical details চিত্রবলী;
Dimensions ২১ সেমি.
650 ## - SUBJECT ADDED ENTRY--TOPICAL TERM
Topical term or geographic name as entry element Optical illusions
650 ## - SUBJECT ADDED ENTRY--TOPICAL TERM
Topical term or geographic name as entry element Vision
942 ## - ADDED ENTRY ELEMENTS (KOHA)
Source of classification or shelving scheme Dewey Decimal Classification
Koha item type Books
Holdings
Source of classification or shelving scheme Damaged status Not for loan Home library Current library Shelving location Date of accession Cost, normal purchase price Total Checkouts Full call number Barcode Date last seen Date checked out Copy number Method of acquisition Koha item type Currency
Dewey Decimal Classification     JCC Rouf Library JCC Rouf Library General Stacks 06/23/2023 150.00 4 152.148 ANW 2020 18258 11/11/2024 11/04/2024 C-1 Purchase Books BDT

JCC Library | Contacts | JCC Home

Last Update on 23 September 2017
Copyright @ 2017-2020 JCC Rouf Library
Rouf Library, Jhenidah Cadet College (JCC), Bangladesh